MDQL
is popping MORE tags! Check the
thread
!
Quizzes
Events
Quiz Creation
Community
Videos
Private Events
Remove Ads
Sign In
Join for FREE
Feedback
Dark Mode
Quiz Categories
Sports
Geography
Music
Movies
Television
Just For Fun
Miscellaneous
History
Literature
Language
Science
Gaming
Entertainment
Religion
Holiday
For Kids
Quiz Lab
Recent
Popular Today
Quiz Kudos Today
Editor Picks
Curator Picks
Quizzes by...
Day
Popularity
Type
Ratings
Length
Year
Community
Subscriptions
Recent Discussions
Orange Saloon
Badges
Playlists
Quests
Create
Leaderboards
Showdown
Live 5
Trivia Bingo
Activity
Puzzle Library
Sporcle Events
Private Events
Virtual Trivia
Globe League
Become a Host
Pub Owners
SporcleCon
Opinionation
Our Games
Videos
Blog
Mobile Apps
Partnerships
Remove Ads and Go Orange
Feedback
History
US Presidents
World Leaders
Politics
Nation
Discovery
War
Decade
Year
Century
Biography
Art
History
US Presidents
World Leaders
Politics
Nation
Discovery
War
Decade
Year
Century
Biography
Art
Random Quiz
Search Sporcle
×
Quiz Lab
Quiz Lab
History
War
Type in answers that appear in a list
Type in answers that appear in a list
Classic
Best Score? Go Orange.
USN Ranks Stats
Can you name the USN Ranks?
By
Sabre_One
10m
27 Questions
101 Plays
101 Plays
101 Plays
Comments
Comments
Give Quiz Kudos
Give Quiz Kudos
-
- Ratings
hide this ad
Replay
Link that replays current quiz
Next Quiz
Link to next quiz in quiz playlist
You Got
0%
They Got
Avg Score
75%
Avg Friend Score
Upgrade to see
Score Distribution
Jump to the score distribution portion of the page
Score
0/27
Timer
10:00
0
Plays Today
Rank Type
Rank
% Correct
Admiral
Admiral
93.1%
Officer
Captain
91.1%
Officer
Lieutenant
89.1%
Officer
Commander
89.1%
Officer
Ensign
88.1%
Admiral
Rear Admiral
88.1%
Admiral
Vice Admiral
88.1%
Enlisted
Seaman
87.1%
Officer
Lieutenant Commander
85.1%
Admiral
Fleet Admiral
84.2%
Enlisted
Chief Petty Officer
81.2%
Enlisted
Seaman Recruit
78.2%
Officer
Lieutenant Junior Grade
78.2%
Enlisted
Seaman Apprentice
77.2%
Rank Type
Rank
% Correct
Enlisted
Master Chief Petty Officer
76.2%
Enlisted
Petty Officer 3rd Class
70.3%
Enlisted
Petty Officer 2nd Class
70.3%
Enlisted
Petty Officer 1st Class
70.3%
Enlisted
Senior Chief Petty Officer
68.3%
Enlisted
Master Chief Petty Officer of The Navy
64.4%
Warrant Officer
Chief Warrant Officer 2
64.4%
Warrant Officer
Chief Warrant Officer 3
64.4%
Warrant Officer
Chief Warrant Officer 4
63.4%
Warrant Officer
Chief Warrant Officer 5
62.4%
Admiral
Rear Admiral Lower Half
62.4%
Enlisted
Command Master Chief Petty Officer
53.5%
Enlisted
Fleet Master Chief Petty Officer
46.5%
Quiz Playlist
Details
Report
Send in Message
Add To Playlist
Classic:
Type in answers that appear in a list
Last Updated: Feb 16, 2017
Quiz Scoreboard
CHALLENGE
Sign Up to Join the Scoreboard
Show All
Scores
Hide
Comments
May contain spoilers
Recently Published
Image Sorting: Flags VI
by Barbecue
Geography
2m
Find the 'City' Movie
by crazypaving
Movies
60s
Colored Red Africa Blitz
by spor1
Geography
45s
More to Explore
Quiz From the Vault
Featured Blog Post
14 Easter Pick-up Lines to Find Eggs With
hide this ad
You Might Also Like...
Tags
United States Quiz
War Quiz
Admiral
Military
Navy
Officer
US Navy
Today's Top Quizzes in History
Browse History
hide this ad
Today's Top Quizzes in War
Browse War
Top Contributed Quizzes in History
1
I Am Born On March 29th
2
Order Up: 1000 Years of World Events I
3
US National Parks Named After People
4
Popular People in 1951
5
Popular People in 1991
6
Popular People in 1941
7
Popular People in 1986
8
Popular People in 1981
9
Popular People in 1921
10
Popular People in 1976
Explore More
Trending Topics
Crossword
Anime
Marvel
NBA
Harry Potter
Kpop
Disney
WWE
NFL
Puzzle
Song
The Office
Soccer
Pokémon
Country
hide this ad
More By:
Sabre_One
Quiz
Plays
Rating
Category
Featured
Created
US Army Ranks
1,726
2.75
History
Apr 10, 2012
NATO Codenames Of Russian Fighter Aircraft
345
2.50
History
Dec 13, 2011
ADF Ranks
272
1.00
History
Dec 14, 2011
US Military Aircraft Acronyms
259
2.00
History
Dec 6, 2011
US Coast Guard Ranks
194
History
Apr 15, 2012
Go to Creator's Profile
Score Distribution
Quiz Creator Spotlight
Sabre_One
Follow
Send a Message
Quizzes Created
-
Created Quiz Play Count
-
More By This Creator
Popular Quizzes Today
1
Colored Red Africa Blitz
2
Find the US States - No Outlines Minefield
3
Find the 'City' Movie
4
5x2 Blitz: Bands
5
The Countries of the World
6
Find the US States
7
Find the Countries of Europe - No Outlines Minefield
8
US States
More History Quizzes
Presidential Popular Vote
Published
Trending Quizzes
Colored Red Europe Blitz I
Colored Red Europe Blitz II
Colored Red Africa Blitz II
Colored Red Europe Blitz III
Colored Red Africa Blitz III
Recently Updated
How Do You Spell That?
pecheneg
Godzilla Movies
pecheneg
Grab Bag: 4-10 Letters
pecheneg
2024 March Madness Bracket
pecheneg
Famous TV Couples
Peacemaker
Champions League XIs: Real Madrid
pecheneg
Largest US Cities 1790-2010
pecheneg
Rides in Walt Disney World
pecheneg
Most Oscar Losses (Acting)
pecheneg
Beyoncé Albums
pecheneg
Trending Topics
NBA
Harry Potter
Anime
Marvel
Disney
Crossword
Kpop
Soccer
Puzzle
NFL
WWE
The Office
Song
Pokémon
Country
Your Account Isn't Verified!
In order to create a playlist on Sporcle, you need to verify the email address you used during registration. Go to your
Sporcle Settings
to finish the process.
Report this User
Report this user for behavior that violates our
Community Guidelines
.
Details:
Send Report
Go to the Sporcle.com Mobile Site →
Comments